00388 2200145 4500001002100000008004100021035002000062245003900082100002700121260002900148300002000177020002200197084001400219990000900233INLIS000000000004230 ind  a0010-0723000715 aHitam PutihcKanita Desfara Adzani aAdzani, Kanita Desfara aBandungbDAR Mizanc2013 a124 hlm.c21 cm a978-602-242-299-0 a032 HIT k a4322